Most common female names starting with J - Statistics

General Stats
  • This quiz has been taken 384 times
  • The average score is 40 of 100
Answer Stats
Hint Answer % Correct
20 Jo
97%
48 Jan
92%
1 Jennifer
91%
14 Jane
89%
2 Jessica
86%
6 Julia
86%
3 Julie
84%
13 Joan
81%
31 Jenny
80%
24 Joann
75%
4 Janet
74%
39 Jessie
72%
16 Jill
72%
34 Jackie
70%
72 Jami
70%
47 Jasmin
69%
26 Jade
68%
17 Jenna
68%
32 June
68%
15 Jean
66%
21 Josephine
66%
25 Joanna
65%
11 Jamie
63%
30 Jillian
62%
58 Juliet
62%
12 Jasmine
61%
19 Jordan
59%
7 Judith
59%
10 Judy
59%
9 Janice
58%
23 Joy
58%
18 Joanne
57%
41 Josie
56%
5 Jacqueline
52%
51 Jana
48%
60 Juliette
47%
22 Jocelyn
46%
33 Jodi
46%
52 Johanna
45%
59 Jolene
45%
37 Juliana
45%
53 Jennie
44%
57 Justine
44%
36 Jada
43%
66 Jodie
41%
98 Jolie
41%
8 Joyce
41%
82 Juniper
36%
63 Julianne
35%
50 Janie
34%
42 Jody
34%
43 Julianna
34%
68 Janette
32%
27 Jeanette
31%
28 Jeanne
30%
69 Jayden
28%
46 Jayla
28%
74 Jewel
26%
93 Janell
25%
61 Janine
25%
64 Joni
25%
95 Jaden
24%
55 Janis
24%
78 Justice
24%
90 James
23%
87 Joelle
23%
40 Janelle
22%
71 Jayda
22%
75 Jeri
22%
29 Juanita
22%
67 Jenifer
21%
45 Jaclyn
19%
44 Jaime
19%
49 Jazmin
19%
96 Juana
19%
89 Janna
18%
62 Jeannie
17%
77 Journey
17%
70 Jayne
16%
54 Jazmine
16%
100 Jeanie
16%
97 Jerri
16%
38 Jordyn
16%
86 Jacklyn
15%
79 Joselyn
15%
35 Jacquelyn
14%
73 Jeanine
12%
65 Julissa
12%
88 Jaqueline
11%
84 Jimena
10%
91 Janessa
8%
83 Jazlyn
8%
56 Jeannette
8%
85 Journee
8%
76 Johnnie
6%
94 Jayme
5%
80 Janae
4%
81 Jeannine
4%
92 Jaelyn
3%
99 Janiyah
2%
No matching quizzes found
Score Distribution
Percent of People with Each Score
Percentile by Number Answered
Your Score History
You have not taken this quiz